000 00503 a2200169 4500
005 20250520064311.0
020 _a978-0-07-340329-8
082 _a658.5 JAC
100 _aJACOBS, F. R.
245 _aOperations and Supply Management.
250 _a12th Ed
260 _aNew York,
_bMcGraw-Hill/ Irwin,
_c2009.
300 _axix, 776p.: ill.; picture, table
_bIndex
_c28cm.
700 _aCHASE, R. B. & AQUILANO, N. J.
856 _yAccess Online Book
_fSupply Management
_dwww.mhhe.com
942 _2ddc
_cBKS
999 _c2461
_d2461